| 000 | 00567nam a22001817a 4500 | ||
|---|---|---|---|
| 999 |
_c15655 _d15655 |
||
| 003 | AR-CdUCM | ||
| 008 | 190429b ||||| |||| 00| 0 spa d | ||
| 040 |
_aMUNICIPALIDAD PROVINCIAL DEL CUSCO _cBIBLIOTECA MUNICIPAL DEL CUSCO |
||
| 082 |
_aC / 051.985 / _bC961 |
||
| 245 |
_aCuadernos sindicales : _bsindicalismo y política / |
||
| 260 |
_aLima : _bMaster, _c1974. |
||
| 300 |
_a21 páginas ; _c22 cm. |
||
| 440 |
_aCuadernos sindicales _n5 _934795 |
||
| 505 | _aSindicalismo -- Política | ||
| 650 |
_aSindicalismo. _95257 |
||
| 942 |
_2ddc _cFOLLETOS |
||
| 945 | _awfj | ||